Normal view
MARC view
Entry Corporate Name
001 - CONTROL NUMBER
- control field: 100920
003 - CONTROL NUMBER IDENTIFIER
- control field: NUST
005 - DATE AND TIME OF LATEST TRANSACTION
- control field: 20221020100306.0
008 - FIXED-LENGTH DATA ELEMENTS
- fixed length control field: 221020|| aca||aabn | a|a d
040 ## - CATALOGING SOURCE
- Original cataloging agency: NUST
- Transcribing agency: NUST
110 ## - HEADING--CORPORATE NAME
- Location of meeting: Project Supervisor: Dr. Muhammad Nasir Bashir
670 ## - SOURCE DATA FOUND
- Source citation: Work cat.: (NUST): Yahya Saqib Mughal Raja Muaz Ali Muhammad Ahmer Ali 100919, PR-SOF-2164-Investigating The Effect of Infill Density and Pattern on Properties of 3D Prints, 2022.
